Nástroje OECD na podporu liberalizácie priamych zahraničných investícií
Rastúci význam priamych zahraničných investícií v medzinárodnej ekonomike. Jeden z primárnych cieľov OECD - pomáhať členským krajinám liberalizovať medzinárodný obchod. Opatrenia v oblasti priamych investícií sú zaznamenané v Kódoch liberalizácie a dokumente Národný režim.
Saved in:
| Format: | Book Chapter |
|---|---|
| Language: | Slovak |
| Subjects: | |
| Tags: |
No Tags, Be the first to tag this record!
|
MARC
| LEADER | 00000naa a2200000 4500 | ||
|---|---|---|---|
| 001 | r017430 | ||
| 005 | 20221213122732.6 | ||
| 041 | 0 | |a slo | |
| 044 | |a SK | ||
| 245 | 1 | 0 | |a Nástroje OECD na podporu liberalizácie priamych zahraničných investícií |
| 520 | |a Rastúci význam priamych zahraničných investícií v medzinárodnej ekonomike. Jeden z primárnych cieľov OECD - pomáhať členským krajinám liberalizovať medzinárodný obchod. Opatrenia v oblasti priamych investícií sú zaznamenané v Kódoch liberalizácie a dokumente Národný režim. | ||
| 610 | 2 | 0 | |a investície zahraničné |
| 610 | 2 | 0 | |a OECD |
| 610 | 2 | 0 | |a liberalizácia |